Największe miejscowości sąsiadujące z Poznaniem - Statystyki

Ogólne statystyki
  • Ten quiz został rozwiązany 6 razy
  • Średni wynik to 3 z 13
Statystyki odpowiedzi
Miejscowość % Poprawnych
S Swarzędz
83%
L Luboń
67%
P Przeźmierowo
50%
C Czerwonak
33%
K Koziegłowy
33%
B Baranowo
17%
Z Zalasewo
17%
D Daszewice
0%
G Gruszczyn
0%
J Jaryszki
0%
R Rogierówko
0%
Ś Świątniczki
0%
W Wysogotowo
0%
Nie znaleziono quizów pasujących do podanych kryteriów
Rozkład punktacji
Procent ludzi z każdym wynikiem
Percentyl według liczby udzielonych odpowiedzi
Twoja historia wyników
Nie rozwiązałeś tego quizu